00619nam a2200193 a 450000100060000000300080000600500170001400800410003103500190007204000310009104100080012208200260013010000280015624500970018426000470028130000250032865000450035365000270039850286BD-RjUL20211209075503.0160824s1957 pk 000 0 eng  a(BD-RjUL)50406 aBD-RjULcDLCdBD-RjULbeng aeng 223a378.547bHUM 19591 aHusain, Muhammad Afzal,14aThe masters :ban analysis based on the masters' examinations, 1957 /cMuhammad Afzal Husain a[Karachi] :bUniversity of Punjab,c[1959] aii, 153 p. ;c24 cm. 0aUniversities and collegesxExaminations. 0aMaster of arts degree.